000 00962nam0a22002891 4500
001 rc\679244
005 20250621210405.0
035 _a(NLR Aleph) 005916703
090 _a6433492
_c6433492
100 _a20031121d1985 |||y0rusy50 ca
101 0 _arus
102 _aRU
105 _ay |||||||||
200 1 _aГравитационные волны в эволюционирующей Вселенной
210 _aАштарак
_cИФИ
_d1985
215 _a26 с.
_d20
225 1 _aПрепринт
_fАН АрмССР, Ин-т физ. исслед.
_vИФИ-84-110
300 _aРез. на англ. яз.
320 _aБиблиогр.: с. 26
700 1 _7ca
_8rus
_aАбрамян
_bП. Б.
_cфизик
_9183326
_3RU\NLR\AUTH\770183377
701 1 _aГулян
_bА.М.
_gАрмен Мамиконович
801 0 _aRU
_bNLR
_gpsbo
801 1 _aRU
_bELAR
_2rusmarc
852 _aNLR
_j85-4/28232
942 _cBOOK
980 _aNB